Statistics for V Answers Quiz #1

Click here to take the quiz!

General Stats

  • This quiz has been taken 70,522 times
    (7,475 since last reset)
  • The average score is 19 of 20

Answer Stats

ClueAnswer% Correct
One of the planetsVenus
100%
Person who eats no animal productsVegan
99%
Creature that vants to suck your bloodVampire
98%
Popular ice cream flavorVanilla
98%
Where the pope livesVatican
98%
South American countryVenezuela
98%
19th century British queenVictoria
98%
Capital of AustriaVienna
98%
World's most popular credit cardVisa
98%
German car companyVolkswagen
97%
Country in IndochinaVietnam
96%
Norsemen of the 8th to 11th centuriesVikings
95%
George Washington's home stateVirginia
95%
Letter that is not a consonantVowel
91%
Brand of Italian scooterVespa
89%
Impaling Transylvanian rulerVlad
88%
Fashion mag or Madonna songVogue
87%
The V in ROYGBIVViolet
85%
French word for youVous
83%
African religion associated with
Louisiana and Haiti
Voodoo
81%

Score Distribution

Percentile by Number Answered

Percent of People with Each Score

Your Score History

You have not taken this quiz since the last reset